[Event "CZE-chT2D 1516"]
[Site "Czech Republic"]
[Date "2016.04.03"]
[Round "10.5"]
[White "Kourek, Josef"]
[Black "Pacovsky, Jiri"]
[Result "1/2-1/2"]
[WhiteElo "2017"]
[BlackElo "2214"]
[PlyCount "41"]
[EventDate "2015.10.18"]
[EventType "team-tourn"]
[EventRounds "11"]
[EventCountry "CZE"]
[SourceTitle "EXT 2022"]
[Source "ChessBase"]
[SourceDate "2021.10.06"]
[SourceVersion "1"]
[SourceVersionDate "2021.10.06"]
[SourceQuality "1"]
[WhiteTeam "Polabiny II"]
[BlackTeam "Pardubice Rapid II"]
[WhiteTeamCountry "CZE"]
[BlackTeamCountry "CZE"]

1. d4 d5 2. Nf3 Nf6 3. g3 c6 4. Bg2 Bf5 5. 0-0 e6 6. c4 Be7 7. Nc3 Nbd7 8. h3 h6 9. a4 a5 10. Ne5 Nxe5 11. dxe5 Nd7 12. cxd5 cxd5 13. f4 0-0 14. Kh2 Nc5 15. g4 Bh7 16. f5 Bg5 17. Bxg5 Qxg5 18. Qc1 Qxc1 19. Raxc1 Nd7 20. Nb5 exf5 21. Nc7 1/2-1/2

[Event "CZE-chT2D 1314"]
[Site "Czech Republic"]
[Date "2013.12.01"]
[Round "3.2"]
[White "Vala, Filip"]
[Black "Pacovsky, Jiri"]
[Result "1-0"]
[WhiteElo "2110"]
[BlackElo "2248"]
[PlyCount "59"]
[EventDate "2013.11.03"]
[EventType "team-tourn"]
[EventRounds "11"]
[EventCountry "CZE"]
[SourceTitle "EXT 2016"]
[Source "ChessBase"]
[SourceDate "2015.10.08"]
[SourceVersion "1"]
[SourceVersionDate "2015.10.08"]
[SourceQuality "1"]
[WhiteTeam "Havlickuv Brod"]
[BlackTeam "Pardubice AKIS"]
[WhiteTeamCountry "CZE"]
[BlackTeamCountry "CZE"]

1. d4 d5 2. c4 c6 3. Nc3 Nf6 4. Nf3 dxc4 5. a4 Bf5 6. Ne5 Nbd7 7. Nxc4 Qc7 8. g3 e5 9. dxe5 Nxe5 10. Bf4 Rd8 11. Qc1 Bd6 12. Nxd6+ Qxd6 13. Bg2 0-0 14. 0-0 a5 15. Nd1 Qe6 16. Ne3 Be4 17. f3 Bd5 18. Rd1 Rfe8 19. Qc3 b6 20. Nc2 Ng6 21. Bc7 Rc8 22. Nd4 Qe3+ 23. Qxe3 Rxe3 24. Bxb6 Rb8 25. Kf2 Rbe8 26. Bf1 Bb3 27. Re1 Nd5 28. Bxa5 Nge7 29. Bd2 Re5 30. Nxb3 1-0

[Event "CZE-chT2D 1112"]
[Site "Czech Republic"]
[Date "2012.01.22"]
[Round "6"]
[White "Cizinsky, Petr"]
[Black "Pacovsky, Jiri"]
[Result "1-0"]
[WhiteElo "2178"]
[BlackElo "2264"]
[PlyCount "65"]
[EventDate "2011.10.09"]
[EventType "team-tourn"]
[EventRounds "11"]
[EventCountry "CZE"]
[SourceTitle "EXT 2013"]
[Source "ChessBase"]
[SourceDate "2012.11.22"]
[SourceVersion "1"]
[SourceVersionDate "2012.11.22"]
[SourceQuality "1"]
[WhiteTeam "Polabiny III"]
[BlackTeam "Hradec Kralove II"]
[WhiteTeamCountry "CZE"]
[BlackTeamCountry "CZE"]

1. e4 e5 2. Nf3 Nc6 3. Bb5 d6 4. 0-0 Nf6 5. Re1 Be7 6. d4 exd4 7. Qxd4 0-0 8. Bxc6 bxc6 9. e5 dxe5 10. Qxe5 Re8 11. Bg5 Bg4 12. Nbd2 h6 13. Bh4 Rb8 14. h3 Rb5 15. Qe3 g5 16. hxg4 gxh4 17. Qxh6 Nxg4 18. Qxc6 Rc5 19. Qa4 Nf6 20. Ne4 Nxe4 21. Rxe4 Rf8 22. Ne5 f5 23. Rd4 Bd6 24. Nd7 Qe7 25. Nxc5 Bxc5 26. Rxh4 Rd8 27. Qb3+ Kf8 28. Rh8+ Kg7 29. Rxd8 Qxd8 30. Qc3+ Bd4 31. Rd1 c5 32. Qg3+ Kf7 33. Qb3+ 1-0

[Event "CZE-chT2D 1112"]
[Site "Czech Republic"]
[Date "2011.11.20"]
[Round "3"]
[White "Pacovsky, Jiri"]
[Black "Korinek, Ondrej"]
[Result "1/2-1/2"]
[WhiteElo "2264"]
[BlackElo "2335"]
[PlyCount "127"]
[EventDate "2011.10.09"]
[EventType "team-tourn"]
[EventRounds "11"]
[EventCountry "CZE"]
[SourceTitle "EXT 2013"]
[Source "ChessBase"]
[SourceDate "2012.11.22"]
[SourceVersion "1"]
[SourceVersionDate "2012.11.22"]
[SourceQuality "1"]
[WhiteTeam "Pardubice AKIS"]
[BlackTeam "Hradec Kralove II"]
[WhiteTeamCountry "CZE"]
[BlackTeamCountry "CZE"]

1. c4 Nf6 2. Nc3 e5 3. g3 Bc5 4. Bg2 0-0 5. d3 d6 6. Nf3 Nc6 7. 0-0 h6 8. h3 Be6 9. e4 Nd4 10. Nxd4 Bxd4 11. Ne2 Bb6 12. b3 c6 13. d4 exd4 14. Nxd4 Re8 15. Bb2 Qe7 16. Qd2 Rad8 17. Rfe1 Qf8 18. Rad1 Bc8 19. Bc3 Bc7 20. Qf4 Qe7 21. Nf5 Bxf5 22. Qxf5 Qe6 23. Qf4 Re7 24. Qh4 Ree8 25. f4 Nd7 26. Bf3 Qe7 27. Qxe7 Rxe7 28. Bb4 Bb6+ 29. Kg2 Bc5 30. Bc3 Nf8 31. e5 Bb6 32. Rxd6 Rxd6 33. exd6 Rd7 34. Rd1 Bc5 35. Bd4 Bxd4 36. Rxd4 c5 37. Rd5 b6 38. Bg4 Rd8 39. h4 g6 40. f5 g5 41. hxg5 hxg5 42. Bf3 Nd7 43. g4 Nf6 44. Rd2 Ne8 45. d7 Nf6 46. Bc6 Kf8 47. Kf3 Ke7 48. Re2+ Kd6 49. Ba4 Nxd7 50. Bxd7 Kxd7 51. f6 Re8 52. Rxe8 Kxe8 53. Ke4 Kd7 54. Kf5 Kd6 55. Kxg5 Ke5 56. Kh6 Kxf6 57. g5+ Ke6 58. Kg7 Ke7 59. a3 a6 60. a4 a5 61. Kh6 Kd6 62. Kh7 Kd7 63. Kg8 Ke8 64. Kg7 1/2-1/2

[Event "CZE-chT2D 0910"]
[Site "Czech Republic"]
[Date "2010.04.18"]
[Round "11.2"]
[White "Mojzis, Jaroslav"]
[Black "Pacovsky, Jiri"]
[Result "1/2-1/2"]
[WhiteElo "2266"]
[BlackElo "2263"]
[PlyCount "20"]
[EventDate "2009.10.18"]
[EventType "team-tourn"]
[EventRounds "11"]
[EventCountry "CZE"]
[SourceTitle "EXT 2012"]
[Source "ChessBase"]
[SourceDate "2011.11.24"]
[SourceVersion "1"]
[SourceVersionDate "2011.11.24"]
[SourceQuality "1"]
[WhiteTeam "Polabiny II"]
[BlackTeam "Pardubice AKIS"]
[WhiteTeamCountry "CZE"]
[BlackTeamCountry "CZE"]

1. e4 e5 2. Nf3 d6 3. d4 exd4 4. Nxd4 Nf6 5. Nc3 Be7 6. Bc4 0-0 7. 0-0 Nc6 8. Nxc6 bxc6 9. Re1 Re8 10. Bb3 a5 1/2-1/2

[Event "CZE-chT2D 0910"]
[Site "Czech Republic"]
[Date "2010.02.14"]
[Round "7.2"]
[White "Cechura, Petr"]
[Black "Pacovsky, Jiri"]
[Result "1-0"]
[WhiteElo "2278"]
[BlackElo "2263"]
[PlyCount "137"]
[EventDate "2009.10.18"]
[EventType "team-tourn"]
[EventRounds "11"]
[EventCountry "CZE"]
[SourceTitle "EXT 2012"]
[Source "ChessBase"]
[SourceDate "2011.11.24"]
[SourceVersion "1"]
[SourceVersionDate "2011.11.24"]
[SourceQuality "1"]
[WhiteTeam "Rychnov nad Kneznou"]
[BlackTeam "Pardubice AKIS"]
[WhiteTeamCountry "CZE"]
[BlackTeamCountry "CZE"]

1. e4 e5 2. Nf3 Nc6 3. d4 exd4 4. c3 Nf6 5. e5 Ne4 6. Qe2 f5 7. exf6 d5 8. Ng5 gxf6 9. Qh5+ Kd7 10. Nxe4 dxe4 11. Qf5+ Ke8 12. Qxe4+ Qe7 13. Qxe7+ Bxe7 14. Bf4 Bd6 15. Bxd6 cxd6 16. cxd4 Nxd4 17. Na3 Nf5 18. Nb5 Ke7 19. Nc7 Rb8 20. Bc4 Kd8 21. Nd5 Be6 22. 0-0 Ne7 23. Rfd1 Nxd5 24. Bxd5 Re8 25. Rac1 Kd7 26. Bxe6+ Rxe6 27. Kf1 Rg8 28. Rd3 Rc8 29. Rxc8 Kxc8 30. Rh3 Re7 31. Rh6 Rf7 32. Ke2 Kd7 33. Kd3 Ke6 34. f4 Rg7 35. g3 Kf5 36. Ke3 Ke6 37. Rh5 Rc7 38. Kd3 d5 39. Rh6 Kf5 40. Rh5+ Ke6 41. Rh6 Kf5 42. h3 a6 43. Rh5+ Ke6 44. g4 b5 45. Rh6 Rc4 46. f5+ Ke5 47. Rxh7 Ra4 48. a3 b4 49. Re7+ Kf4 50. axb4 Rxb4 51. Kc3 Rc4+ 52. Kd3 Rb4 53. Kc2 Rc4+ 54. Kd3 Rb4 55. Re6 Rb3+ 56. Kd4 Rxh3 57. Rxf6 Kxg4 58. Rxa6 Rb3 59. Ke5 Rxb2 60. Rg6+ Kh5 61. Rg1 d4 62. f6 d3 63. f7 Rf2 64. Ke6 d2 65. Ke7 Re2+ 66. Kf6 Rf2+ 67. Kg7 Rg2+ 68. Rxg2 d1Q 69. f8Q 1-0

[Event "CZE-chT1W 0809"]
[Site "Czech Republic"]
[Date "2009.01.18"]
[Round "6.4"]
[White "Londyn, Radek"]
[Black "Pacovsky, Jiri"]
[Result "1-0"]
[WhiteElo "2293"]
[BlackElo "2268"]
[PlyCount "219"]
[EventDate "2008.10.19"]
[EventType "team-tourn"]
[EventRounds "11"]
[EventCountry "CZE"]
[SourceTitle "EXT 2010"]
[Source "ChessBase"]
[SourceDate "2010.11.25"]
[SourceVersion "1"]
[SourceVersionDate "2010.11.25"]
[SourceQuality "1"]
[WhiteTeam "Lysa nad Labem"]
[BlackTeam "Polabiny"]
[WhiteTeamCountry "CZE"]
[BlackTeamCountry "CZE"]

1. Nf3 d5 2. d4 Nf6 3. c4 c6 4. e3 Bf5 5. Nc3 e6 6. Nh4 Be4 7. Qb3 Qb6 8. Nxe4 Nxe4 9. Qxb6 axb6 10. Bd3 Bb4+ 11. Ke2 0-0 12. Rd1 Be7 13. Nf3 Nd7 14. a3 Rfe8 15. g3 g6 16. h4 f5 17. Bd2 Kg7 18. Be1 h6 19. Rac1 Bd6 20. Rc2 Kf7 21. Kf1 Rg8 22. Nd2 g5 23. hxg5 hxg5 24. Kg2 g4 25. Nxe4 fxe4 26. Be2 Kf6 27. Bc3 Kf5 28. Rh1 Rh8 29. Rcc1 Be7 30. Ra1 Bf6 31. Rxh8 Rxh8 32. Bb4 e5 33. cxd5 exd4 34. exd4 cxd5 35. Bb5 Nb8 36. Rc1 Nc6 37. Bxc6 bxc6 38. Rxc6 Bxd4 39. a4 Re8 40. Rd6 Re5 41. Bd2 Bc5 42. Rd8 d4 43. b4 e3 44. Be1 exf2 45. Kxf2 Be7 46. Rxd4 Re4 47. Rd5+ Re5 48. Rd3 Re4 49. Rd5+ Re5 50. Rd3 Re4 51. Rb3 Ke5 52. Kf1 Kd5 53. Rb1 Kc6 54. b5+ Kb7 55. Rd1 Bc5 56. Ra1 Bd6 57. Bf2 Bc7 58. Ra2 Bb8 59. a5 bxa5 60. Rxa5 Rb4 61. b6 Rb3 62. Kg2 Bxg3 63. Bxg3 Rxb6 64. Bf4 Rg6 65. Kg3 Kb6 66. Rf5 Kc6 67. Bg5 Re6 68. Bf6 Re4 69. Be5 Kd5 70. Bf4+ Ke6 71. Ra5 Re1 72. Ra6+ Kf5 73. Ra5+ Ke6 74. Kxg4 Rg1+ 75. Kf3 Rf1+ 76. Ke4 Re1+ 77. Be3 Rd1 78. Rh5 Rf1 79. Re5+ Kd6 80. Bd2 Rb1 81. Bc3 Rb3 82. Rd5+ Ke6 83. Rc5 Kd6 84. Kd4 Rb1 85. Rh5 Rd1+ 86. Kc4 Ke6 87. Rh6+ Kf5 88. Rf6+ Ke4 89. Re6+ Kf5 90. Re2 Rd8 91. Bd4 Rc8+ 92. Kd3 Rc1 93. Re5+ Kf4 94. Re8 Rd1+ 95. Kc4 Rb1 96. Kd5 Rb5+ 97. Bc5 Rb7 98. Rf8+ Kg3 99. Ke4 Rg7 100. Bd6+ Kg2 101. Ra8 Rg6 102. Be5 Rb6 103. Ra2+ Kf1 104. Bd4 Rb7 105. Be3 Ke1 106. Kf3 Rf7+ 107. Bf4 Kd1 108. Rd2+ Ke1 109. Rd8 Rf5 110. Rh8 1-0

[Event "CZE-chT1W 0809"]
[Site "Czech Republic"]
[Date "2008.12.14"]
[Round "5.5"]
[White "Pacovsky, Jiri"]
[Black "Vokoun, Jan"]
[Result "1-0"]
[WhiteElo "2268"]
[BlackElo "2221"]
[PlyCount "71"]
[EventDate "2008.10.19"]
[EventType "team-tourn"]
[EventRounds "11"]
[EventCountry "CZE"]
[SourceTitle "EXT 2010"]
[Source "ChessBase"]
[SourceDate "2010.11.25"]
[SourceVersion "1"]
[SourceVersionDate "2010.11.25"]
[SourceQuality "1"]
[WhiteTeam "Polabiny"]
[BlackTeam "Praha Pankrac"]
[WhiteTeamCountry "CZE"]
[BlackTeamCountry "CZE"]

1. c4 Nf6 2. Nc3 b6 3. e4 e5 4. g3 Bb4 5. Bg2 0-0 6. d3 c6 7. Qb3 Na6 8. Nf3 Nc5 9. Qc2 Re8 10. 0-0 h6 11. Ne2 Nb7 12. d4 exd4 13. Nfxd4 Bf8 14. b3 Nc5 15. Nc3 Bb7 16. Bb2 a6 17. Rad1 b5 18. b4 Ne6 19. c5 a5 20. a3 Ng4 21. Nf5 Qc7 22. Nd6 Bxd6 23. Rxd6 f6 24. Nd1 Ne5 25. Ne3 axb4 26. axb4 Nf7 27. Rd2 Rad8 28. Rfd1 Nf8 29. Qb3 Ng6 30. f4 Kf8 31. Nf5 Bc8 32. Qc3 Re6 33. h4 Rde8 34. Kh2 Qb8 35. h5 Ne7 36. Nd4 1-0

[Event "CZE-chT 0809"]
[Site "Czech Republic"]
[Date "2008.11.09"]
[Round "2.8"]
[White "Pacovsky, Jiri"]
[Black "Klima, Lukas"]
[Result "0-1"]
[WhiteElo "2268"]
[BlackElo "2439"]
[PlyCount "114"]
[EventDate "2008.11.08"]
[EventType "team-tourn"]
[EventRounds "11"]
[EventCountry "CZE"]
[SourceTitle "CBM 127 Extra"]
[Source "ChessBase"]
[SourceDate "2009.01.08"]
[SourceVersion "2"]
[SourceVersionDate "2009.01.28"]
[SourceQuality "1"]
[WhiteTeam "Pardubice"]
[BlackTeam "Novoborsky"]
[WhiteTeamCountry "CZE"]
[BlackTeamCountry "CZE"]

1. c4 e5 2. Nc3 c5 3. g3 Nc6 4. Bg2 g6 5. e3 Bg7 6. Nge2 Nge7 7. 0-0 0-0 8. b3 d6 9. Bb2 Bg4 10. h3 Be6 11. Nd5 Qd7 12. Kh2 b5 13. Nxe7+ Nxe7 14. cxb5 Qxb5 15. d4 Rad8 16. Nc3 Qb4 17. d5 Bc8 18. a3 Qb8 19. b4 cxb4 20. axb4 Qxb4 21. Qd2 a6 22. Ba3 Qb8 23. Rab1 Qa7 24. Ne4 Bf5 25. Bxd6 Bxe4 26. Bxe7 Qxe7 27. Bxe4 f5 28. Bd3 Qc5 29. Rfc1 Qxd5 30. Bc4 Qxc4 31. Qxd8 Qa2 32. Qd7 Qxf2+ 33. Kh1 Qf3+ 34. Kh2 Qe2+ 35. Kh1 Qf3+ 36. Kh2 f4 37. Rg1 Qxe3 38. Qd5+ Kh8 39. Rbe1 fxg3+ 40. Kh1 Qf2 41. Qg2 Rf4 42. Rgf1 Qxg2+ 43. Kxg2 Bf6 44. Ra1 Kg7 45. Kxg3 a5 46. Rfd1 Bh4+ 47. Kg2 Rf2+ 48. Kg1 Rc2 49. Rxa5 Bf2+ 50. Kf1 Bd4 51. Rd5 Rf2+ 52. Ke1 Rf3 53. h4 Rh3 54. R5xd4 exd4 55. Rxd4 Kh6 56. Kf2 Kh5 57. Kg2 Rxh4 0-1

[Event "CZE-chT1W 0708"]
[Site "Czech Republic"]
[Date "2008.02.24"]
[Round "8.4"]
[White "Pacovsky, Jiri"]
[Black "Prymula, Roman"]
[Result "1/2-1/2"]
[WhiteElo "2274"]
[BlackElo "2287"]
[PlyCount "34"]
[EventDate "2007.10.28"]
[EventType "team"]
[EventRounds "11"]
[EventCountry "CZE"]
[SourceTitle "EXT 2009"]
[Source "ChessBase"]
[SourceDate "2008.11.26"]
[SourceVersion "1"]
[SourceVersionDate "2008.11.26"]
[SourceQuality "1"]
[WhiteTeam "Polabiny"]
[BlackTeam "Hradec Kralove"]
[WhiteTeamCountry "CZE"]
[BlackTeamCountry "CZE"]

1. c4 e6 2. Nc3 d5 3. cxd5 exd5 4. d4 c6 5. Nf3 Bd6 6. g3 Nf6 7. Bg2 0-0 8. 0-0 h6 9. Bf4 Bxf4 10. gxf4 Nh5 11. e3 Bg4 12. h3 Bf5 13. Kh2 Nd7 14. Rg1 Kh8 15. Bf1 Qf6 16. Be2 g6 17. Qf1 Rae8 1/2-1/2

[Event "CZE-chT1W 0607"]
[Site "Czech Republic"]
[Date "2006.12.10"]
[Round "4.1"]
[White "Kotek, Daniel"]
[Black "Pacovsky, Jiri"]
[Result "1/2-1/2"]
[WhiteElo "2299"]
[BlackElo "2277"]
[PlyCount "104"]
[EventDate "2006.10.29"]
[EventType "team"]
[EventRounds "11"]
[EventCountry "CZE"]
[SourceTitle "EXT 2009"]
[Source "ChessBase"]
[SourceDate "2008.11.26"]
[SourceVersion "1"]
[SourceVersionDate "2008.11.26"]
[SourceQuality "1"]
[WhiteTeam "Praha Dukla"]
[BlackTeam "Polabiny"]
[WhiteTeamCountry "CZE"]
[BlackTeamCountry "CZE"]

1. e4 e5 2. Nf3 Nc6 3. d4 exd4 4. Nxd4 d6 5. Nc3 Nf6 6. Bf4 Be7 7. Qd2 0-0 8. 0-0-0 Nxd4 9. Qxd4 Be6 10. f3 Nd7 11. Nd5 Bg5 12. Bxg5 Qxg5+ 13. f4 Qd8 14. Ne3 Nb6 15. Be2 Qf6 16. Qxf6 gxf6 17. b3 Rfe8 18. Bf3 Bd7 19. Rhe1 Rad8 20. Kb2 Kf8 21. c4 a5 22. Nf1 Bc6 23. Ng3 Nd7 24. Nh5 Re6 25. Ng3 Nc5 26. Bg4 Re7 27. Bf5 h6 28. Kc3 Rde8 29. Kd4 Ne6+ 30. Bxe6 fxe6 31. Kc3 Rg7 32. Rd2 Ke7 33. Nh5 Rgg8 34. h3 Ref8 35. Re3 Be8 36. Ng3 Rg7 37. Nf1 h5 38. g3 b5 39. Rf2 b4+ 40. Kb2 Bc6 41. h4 Rfg8 42. Kc2 Rg4 43. Kd3 Kd7 44. a4 f5 45. exf5 exf5 46. Rd2 Be4+ 47. Ke2 Bg2 48. Rdd3 Be4 49. Rd2 R4g7 50. Kf2 Re7 51. Re1 Reg7 52. Re3 Re7 1/2-1/2

[Event "CZE-chT 0304"]
[Site "Czech Republic"]
[Date "2004.01.10"]
[Round "5"]
[White "Pacovsky, Jiri"]
[Black "Kacirek, Petr"]
[Result "0-1"]
[WhiteElo "2290"]
[BlackElo "2304"]
[PlyCount "148"]
[EventDate "2003.11.08"]
[EventType "team-tourn"]
[EventRounds "11"]
[EventCountry "CZE"]
[SourceTitle "EXT 2019"]
[Source "ChessBase"]
[SourceDate "2018.10.10"]
[SourceVersion "1"]
[SourceVersionDate "2018.10.10"]
[SourceQuality "1"]
[WhiteTeam "Pardubice RC Sport"]
[BlackTeam "Hradec Kralove Slavia"]
[WhiteTeamCountry "CZE"]
[BlackTeamCountry "CZE"]

1. c4 e5 2. Nc3 Nf6 3. g3 d5 4. cxd5 Nxd5 5. Bg2 Nb6 6. Nf3 Nc6 7. 0-0 Be7 8. d3 0-0 9. a3 f5 10. b4 a6 11. Bb2 Bf6 12. a4 Be6 13. b5 Nd4 14. Nd2 axb5 15. axb5 Rxa1 16. Bxa1 c6 17. bxc6 bxc6 18. e3 Nb5 19. Qb1 Nxc3 20. Bxc3 Na4 21. Ba1 Nc5 22. Bxc6 Nxd3 23. Rd1 Qc7 24. Bb5 Nc5 25. Qc2 Rc8 26. Bc4 Bxc4 27. Qxc4+ Qf7 28. Rc1 Qxc4 29. Rxc4 Kf7 30. Nb3 Nxb3 31. Rxc8 Nxa1 32. e4 fxe4 33. Rc4 Nb3 34. Rxe4 Ke6 35. Kg2 Nd4 36. f3 h5 37. Re3 Kf5 38. Re4 Ne6 39. h4 Nd4 40. Re1 Ke6 41. f4 Kf5 42. fxe5 Bxe5 43. Kh3 Nf3 44. Rf1 Ke4 45. Rb1 Bf6 46. Rb5 Ne5 47. Rb4+ Kf5 48. Rb5 g6 49. Ra5 Be7 50. Rb5 Bd6 51. Rd5 Ke6 52. Ra5 Ng4 53. Rb5 Be5 54. Ra5 Kf5 55. Ra6 Nf2+ 56. Kg2 Ne4 57. Kf3 Nxg3 58. Ra4 Nf1 59. Ra2 Nh2+ 60. Kg2 Ng4 61. Ra5 Kf6 62. Ra6+ Kg7 63. Ra7+ Kh6 64. Kh3 Bf6 65. Rf7 Bg7 66. Re7 Nf6 67. Re6 Kh7 68. Re2 Kg8 69. Re1 Kh7 70. Re2 Ng8 71. Re6 Nh6 72. Ra6 Nf5 73. Rb6 Kh6 74. Ra6 Bf8 0-1

[Event "CZE-chT 0203"]
[Site "Czech Republic"]
[Date "2002.12.01"]
[Round "4"]
[White "Pacovsky, Jiri"]
[Black "Gross, Stefan"]
[Result "1-0"]
[WhiteElo "2294"]
[BlackElo "2351"]
[PlyCount "123"]
[EventDate "2002.10.01"]
[EventType "team"]
[EventRounds "11"]
[EventCountry "CZE"]
[SourceTitle "EXT 2004"]
[Source "ChessBase"]
[SourceDate "2003.11.25"]
[SourceVersion "1"]
[SourceVersionDate "2003.11.25"]
[SourceQuality "1"]
[WhiteTeam "Pardubice"]
[BlackTeam "Plzen"]
[WhiteTeamCountry "CZE"]
[BlackTeamCountry "CZE"]

1. c4 c5 2. Nf3 Nf6 3. Nc3 Nc6 4. g3 d5 5. cxd5 Nxd5 6. Bg2 Nc7 7. d3 e5 8. 0-0 Be7 9. a3 0-0 10. b3 Be6 11. Bb2 f6 12. Rc1 Qd7 13. Ne4 Na6 14. Ned2 Rfd8 15. Qc2 Rac8 16. Qb1 Nc7 17. Rfd1 Bd5 18. Ba1 Nb5 19. Nc4 Ncd4 20. Nxd4 cxd4 21. Bxd5+ Qxd5 22. b4 f5 23. a4 Nd6 24. Nxd6 Bxd6 25. b5 Kf7 26. Qb2 Ke6 27. Rc2 Kd7 28. Rdc1 Rc5 29. Rxc5 Bxc5 30. Rc4 b6 31. Qc1 h6 32. Bb2 Rc8 33. Qc2 Rc7 34. Ba3 Bd6 35. Rxc7+ Bxc7 36. Bf8 g5 37. Bxh6 g4 38. Bg7 Qe6 39. Bf8 Qf6 40. Bb4 Qe6 41. Ba3 Qd5 42. Bf8 Bb8 43. Qb2 Qf7 44. Qb4 Bc7 45. Kg2 Ke8 46. Bh6 Qd5+ 47. f3 gxf3+ 48. exf3 Bd6 49. Qb1 Kf7 50. Bd2 Be7 51. Qc2 Bc5 52. h3 Kf6 53. g4 fxg4 54. hxg4 Qe6 55. Be1 Qd5 56. Bh4+ Kf7 57. Bg3 Be7 58. Kf2 Bc5 59. Ke2 Qe6 60. Qc4 Bd6 61. Bh4 Bc5 62. Kd1 1-0

[Event "CZE-chTV 0102"]
[Site "Czech Republic"]
[Date "2002.??.??"]
[Round "1"]
[White "Pacovsky, Jiri"]
[Black "Suran, Jan"]
[Result "1-0"]
[WhiteElo "2311"]
[BlackElo "2381"]
[PlyCount "103"]
[EventDate "2001.??.??"]
[EventType "team"]
[EventRounds "11"]
[EventCountry "CZE"]
[SourceTitle "EXT 2003"]
[Source "ChessBase"]
[SourceDate "2002.11.25"]
[SourceVersion "1"]
[SourceVersionDate "2002.11.25"]
[SourceQuality "1"]
[WhiteTeam "Synthesia"]
[BlackTeam "Mlada Boleslav"]
[WhiteTeamCountry "CZE"]
[BlackTeamCountry "CZE"]

1. c4 g6 2. Nc3 Bg7 3. g3 e5 4. Bg2 Nc6 5. e3 d6 6. Nge2 Nh6 7. d3 0-0 8. 0-0 Be6 9. h3 Qd7 10. Kh2 f5 11. Qa4 Qf7 12. Nd5 g5 13. f4 gxf4 14. gxf4 Kh8 15. Ng3 Rae8 16. Qd1 Nd8 17. Bf3 Qd7 18. Nh5 c6 19. Rg1 cxd5 20. Nxg7 Ng4+ 21. Bxg4 fxg4 22. Nxe6 Qxe6 23. Qxg4 Qf7 24. Bd2 Rg8 25. Qh4 d4 26. Rxg8+ Rxg8 27. Rg1 Rxg1 28. Kxg1 Ne6 29. fxe5 dxe5 30. exd4 Nxd4 31. Qd8+ Kg7 32. Qg5+ Qg6 33. Qxg6+ Kxg6 34. Kf2 Kf5 35. Be3 Ne6 36. Ke2 a6 37. Kd2 Nd8 38. b3 Ne6 39. Ke2 h5 40. a3 a5 41. b4 axb4 42. axb4 Nf8 43. b5 Nd7 44. Kf3 Nf8 45. Ke2 Nd7 46. Kd2 Ke6 47. Kc3 Nf8 48. d4 exd4+ 49. Kxd4 Ng6 50. Ke4 Ne7 51. Bf4 Ng8 52. Bg5 1-0

[Event "CZE-chT 0001"]
[Site "Czech Republic"]
[Date "2001.04.08"]
[Round "11"]
[White "Pacovsky, Jiri"]
[Black "Cech, Pavel"]
[Result "0-1"]
[WhiteElo "2330"]
[BlackElo "2330"]
[PlyCount "83"]
[EventDate "2000.11.19"]
[EventType "team-tourn"]
[EventRounds "11"]
[EventCountry "CZE"]
[SourceTitle "EXT 2019"]
[Source "ChessBase"]
[SourceDate "2018.10.10"]
[SourceVersion "1"]
[SourceVersionDate "2018.10.10"]
[SourceQuality "1"]
[WhiteTeam "Pardubice RC Sport"]
[BlackTeam "Zlin"]
[WhiteTeamCountry "CZE"]
[BlackTeamCountry "CZE"]

1. c4 c6 2. Nf3 d5 3. b3 Nf6 4. g3 Bf5 5. Bg2 e6 6. 0-0 Nbd7 7. d3 h6 8. Bb2 Be7 9. Nbd2 0-0 10. Re1 Bh7 11. Qc2 Qb6 12. h3 a5 13. a3 Bc5 14. e3 Rfd8 15. Bf1 Be7 16. Qc3 Nc5 17. Ne5 Bf8 18. Rab1 dxc4 19. bxc4 Na4 20. Qc2 Nxb2 21. Qxb2 Qxb2 22. Rxb2 Bxa3 23. Rxb7 Bb4 24. Rd1 c5 25. Nxf7 Rd7 26. Rxd7 Nxd7 27. Nd6 a4 28. Nb5 a3 29. Nb3 Ne5 30. f4 Nxc4 31. dxc4 Bc2 32. Rd3 Bxb3 33. Nxa3 Rxa3 34. Rd8+ Kf7 35. Rd7+ Kf8 36. Be2 Ba4 37. Ra7 Bc6 38. Rc7 Ra1+ 39. Bf1 Be4 40. Rc8+ Kf7 41. Rc7+ Kf6 42. Rd7 0-1

[Event "CZE-chT 0001"]
[Site "Czech Republic"]
[Date "2001.03.17"]
[Round "8"]
[White "Drbohlav, Frantisek"]
[Black "Pacovsky, Jiri"]
[Result "1-0"]
[WhiteElo "2266"]
[BlackElo "2330"]
[PlyCount "73"]
[EventDate "2000.11.19"]
[EventType "team-tourn"]
[EventRounds "11"]
[EventCountry "CZE"]
[SourceTitle "EXT 2019"]
[Source "ChessBase"]
[SourceDate "2018.10.10"]
[SourceVersion "1"]
[SourceVersionDate "2018.10.10"]
[SourceQuality "1"]
[WhiteTeam "Kolin SK Sokol"]
[BlackTeam "Pardubice RC Sport"]
[WhiteTeamCountry "CZE"]
[BlackTeamCountry "CZE"]

1. e4 e5 2. Nf3 Nc6 3. Bb5 a6 4. Ba4 Nf6 5. 0-0 Nxe4 6. d4 b5 7. Bb3 d5 8. dxe5 Be6 9. Nbd2 Nc5 10. c3 Be7 11. Bc2 Bg4 12. Re1 Qd7 13. Nf1 Rd8 14. Ne3 Bh5 15. b4 Ne6 16. g4 Bg6 17. Nf5 h5 18. h3 0-0 19. Be3 hxg4 20. hxg4 Rfe8 21. Kg2 Nf8 22. Rh1 f6 23. Bf4 fxe5 24. Nxe5 Nxe5 25. Bxe5 Bf6 26. Bxf6 gxf6 27. Nh6+ Kg7 28. Bxg6 Nxg6 29. Nf5+ Kg8 30. Qd4 Re5 31. Rh6 Qe8 32. Rah1 Rd7 33. R6h5 Re2 34. Ng3 Re5 35. Rh6 Rg5 36. Qxf6 Rg7 37. Qxg5 1-0

[Event "CZE-chT 0001"]
[Site "Czech Republic"]
[Date "2001.01.14"]
[Round "5"]
[White "Pacovsky, Jiri"]
[Black "Walek, Milan"]
[Result "1/2-1/2"]
[WhiteElo "2330"]
[BlackElo "2320"]
[PlyCount "120"]
[EventDate "2000.11.19"]
[EventType "team-tourn"]
[EventRounds "11"]
[EventCountry "CZE"]
[SourceTitle "EXT 2019"]
[Source "ChessBase"]
[SourceDate "2018.10.10"]
[SourceVersion "1"]
[SourceVersionDate "2018.10.10"]
[SourceQuality "1"]
[WhiteTeam "Pardubice RC Sport"]
[BlackTeam "Trinec"]
[WhiteTeamCountry "CZE"]
[BlackTeamCountry "CZE"]

1. c4 Nf6 2. Nc3 g6 3. g3 Bg7 4. Bg2 e5 5. Nf3 d6 6. 0-0 0-0 7. d3 h6 8. h3 Kh7 9. Kh2 Nc6 10. e4 Be6 11. Be3 Ng8 12. Qd2 f5 13. Nd5 Nce7 14. Rae1 c6 15. Nxe7 Qxe7 16. b3 c5 17. exf5 gxf5 18. Ng1 Rae8 19. f4 Qc7 20. Ne2 b6 21. Nc3 Ne7 22. Bf3 Bd7 23. Nd5 Nxd5 24. Bxd5 Qd8 25. Qg2 Qf6 26. Bc1 Qg6 27. Re2 Re7 28. Rfe1 Rfe8 29. Qf3 h5 30. h4 Qg4 31. Kg2 Bf6 32. Kf2 Qxf3+ 33. Kxf3 Kg6 34. Bd2 Kg7 35. Kf2 Kg6 36. Bc1 Kg7 37. Bb2 Kg6 38. Bc1 Kg7 39. a3 Kg6 40. Bf3 Rh8 41. Bb2 Rhe8 42. Kf1 Kh6 43. b4 Kg6 44. Bc3 exf4 45. Bxf6 Rxe2 46. Rxe2 Rxe2 47. Kxe2 Kxf6 48. gxf4 Be8 49. Kd2 Bf7 50. Kc3 Ke7 51. d4 Kd7 52. Bd1 Kc7 53. Ba4 Kd8 54. dxc5 dxc5 55. Bb5 Kc7 56. bxc5 bxc5 57. Kb3 Kb6 58. Bd7 Bg6 59. Ka4 a5 60. Be6 Ka6 1/2-1/2